Juliasi Kaizari/ (Record no. 5864)
[ view plain ]
| 000 -LEADER | |
|---|---|
| fixed length control field | 00728cam a22002171 4500 |
| 005 - DATE AND TIME OF LATEST TRANSACTION | |
| control field | 20260312020004.0 |
| 008 - FIXED-LENGTH DATA ELEMENTS--GENERAL INFORMATION | |
| fixed length control field | 840418s1969 tz 001 0 swa |
| 010 ## - LIBRARY OF CONGRESS CONTROL NUMBER | |
| LC control number | 75982921 |
| 020 ## - INTERNATIONAL STANDARD BOOK NUMBER | |
| International Standard Book Number | 0195721691 |
| 040 ## - CATALOGING SOURCE | |
| Original cataloging agency | KABLIB |
| Transcribing agency | KABLIB |
| Modifying agency | DLC |
| 050 00 - LIBRARY OF CONGRESS CALL NUMBER | |
| Classification number | PR2798.S92 |
| Item number | J86 |
| 082 ## - DEWEY DECIMAL CLASSIFICATION NUMBER | |
| Edition number | 23 |
| Classification number | 496.392 |
| Item number | SHA |
| 100 1# - MAIN ENTRY--PERSONAL NAME | |
| Personal name | Shakespeare, William, |
| Dates associated with a name | 1564-1616. |
| 9 (RLIN) | 5348 |
| 245 00 - TITLE STATEMENT | |
| Title | Juliasi Kaizari/ |
| Statement of responsibility, etc. | Kimetafsiriwa na Julius K. Nyerere. |
| 260 ## - PUBLICATION, DISTRIBUTION, ETC. | |
| Place of publication, distribution, etc. | Dar-es-Salaam : |
| Name of publisher, distributor, etc. | Oxford University Press, |
| Date of publication, distribution, etc. | c1969. |
| 300 ## - PHYSICAL DESCRIPTION | |
| Extent | viii, 89 p. ; |
| Dimensions | 18cm. |
| 650 ## - SUBJECT ADDED ENTRY--TOPICAL TERM | |
| Topical term or geographic name entry element | Kiswahili |
| 9 (RLIN) | 6896 |
| 655 #7 - INDEX TERM--GENRE/FORM | |
| Genre/form data or focus term | Drama. |
| Source of term | lcgft |
| Authority record control number or standard number | https://id.loc.gov/authorities/genreForms/gf2014026297 |
| 9 (RLIN) | 6222 |
| 700 1# - ADDED ENTRY--PERSONAL NAME | |
| Personal name | Nyerere, Julius K., |
| Dates associated with a name | 1922-1999. |
| 9 (RLIN) | 6808 |
| 942 ## - ADDED ENTRY ELEMENTS (KOHA) | |
| Source of classification or shelving scheme | Dewey Decimal Classification |
| Koha item type | Book |
| Koha issues (borrowed), all copies | 1 |
| Withdrawn status | Lost status | Source of classification or shelving scheme | Damaged status | Not for loan | Home library | Current library | Shelving location | Date acquired | Source of acquisition | Total Checkouts | Full call number | Barcode | Date last seen | Price effective from | Koha item type | Date last checked out |
|---|---|---|---|---|---|---|---|---|---|---|---|---|---|---|---|---|
| Dewey Decimal Classification | Education Library | Education Library | Reserve Section | 28.01.2026 | Donation | 496.392 SHA | 14340 | 28.01.2026 | 28.01.2026 | Book | ||||||
| Dewey Decimal Classification | Education Library | Education Library | Reserve Section | 28.01.2026 | Donation | 496.392 SHA | 14341 | 28.01.2026 | 28.01.2026 | Book | ||||||
| Dewey Decimal Classification | Education Library | Education Library | Reserve Section | 28.01.2026 | Donation | 496.392 SHA | 14342 | 28.01.2026 | 28.01.2026 | Book | ||||||
| Dewey Decimal Classification | Education Library | Education Library | Reserve Section | 28.01.2026 | Donation | 1 | 496.392 SHA | 14343 | 23.03.2026 | 28.01.2026 | Book | 11.03.2026 | ||||
| Dewey Decimal Classification | Education Library | Education Library | Reserve Section | 28.01.2026 | Donation | 496.392 SHA | 14344 | 28.01.2026 | 28.01.2026 | Book |